Bytový dom

Na minha lista:
Detalhes bibliográficos
Autor principal: Merešš, Matej (Author)
Outros Autores: Menďan, Rastislav (Thesis advisor)
Formato: Manuscrito Livro
Idioma:eslovaco
Publicado em: 2024
Assuntos:
Acesso em linha:http://is.stuba.sk/zp/portal_zp.pl?podrobnosti=179630
https://opac.crzp.sk/?fn=detailBiblioForm&sid=D4AFBEDDECE97BC6333C019A1374
Tags: Adicionar Tag
Sem tags, seja o primeiro a adicionar uma tag!

MARC

LEADER 00000ntm a22000003a 4500
001 stuzp98978
003 SK-STU
005 20240916143931.9
007 ta
008 150427s2015----xo-----f-mn---000-0-slo-d
040 |a STU  |b slo 
041 0 |a slo 
100 1 |a Merešš, Matej  |u 010180  |4 aut  |U SvF Stavebná fakulta  |T SvF Katedra konštrukcií pozemných stavieb  |X 97717  |U V180  |Y 18  |7 97717 
242 0 1 |a Residetial building  |y eng 
245 1 0 |a Bytový dom 
260 |c 2024 
650 4 |a bytový dom  |2 slo 
650 4 |a polyfunkčný bytový dom  |2 slo 
650 4 |a DRS  |2 slo 
650 4 |a residential house with multifunctional parts  |2 eng 
650 4 |a project of realisation  |2 eng 
650 4 |a residential building  |2 eng 
700 1 |a Menďan, Rastislav  |u 010180  |k Z1  |4 ths  |U SvF Stavebná fakulta  |T SvF Katedra konštrukcií pozemných stavieb  |X 776  |U V180  |Y 18  |7 A000000776 
856 4 |u http://is.stuba.sk/zp/portal_zp.pl?podrobnosti=179630 
856 4 |u https://opac.crzp.sk/?fn=detailBiblioForm&sid=D4AFBEDDECE97BC6333C019A1374